00308nam a22001217a 4500020001800000040000900018082001500027100001800042245006000060260004400120300001200164650001000176 a9781408855713 cNUST a823.08,ROW aRowling, J.K. aHarry Potter: band the deathly hallows /cJ.k. Rowling aUK bBloomsbury Children's Books c2014 a619 p.; aNoval